Podniky budúcnosti ako nástroj rozvoja priemyslu
Dôvody vzniku iniciatív na podporu priemyslu a európska iniciatíva na zvýšenie využívania technológií v priemysle – plán hospodárskej obnovy Európy (A European Economic Recovery Plan). Aspekty zavádzania podnikov budúcnosti a oblasti pôsobenia týchto podnikov.
Saved in:
| Main Author: | |
|---|---|
| Other Authors: | |
| Format: | Book Chapter |
| Language: | Slovak |
| Subjects: | |
| Tags: |
No Tags, Be the first to tag this record!
|
MARC
| LEADER | 00000naa a2200000 4500 | ||
|---|---|---|---|
| 001 | 0217203 | ||
| 005 | 20231208114814.3 | ||
| 041 | 0 | |a slo | |
| 044 | |a SK | ||
| 245 | 1 | 0 | |a Podniky budúcnosti ako nástroj rozvoja priemyslu |c Jozef Herčko, Vladimír Magvaši |
| 520 | |a Dôvody vzniku iniciatív na podporu priemyslu a európska iniciatíva na zvýšenie využívania technológií v priemysle – plán hospodárskej obnovy Európy (A European Economic Recovery Plan). Aspekty zavádzania podnikov budúcnosti a oblasti pôsobenia týchto podnikov. | ||
| 610 | 2 | 0 | |a podnik |
| 610 | 2 | 0 | |a politika priemyselná |
| 610 | 2 | 0 | |a plán hospodársky |
| 610 | 2 | 0 | |a výroba priemyselná |
| 610 | 2 | 0 | |a systémy výrobné |
| 610 | 2 | 0 | |a inovácia |
| 610 | 2 | 0 | |a technológie nové |
| 100 | 1 | |a Herčko, Jozef | |
| 700 | 1 | |a Magvaši, Vladimír | |